000 00494pab a2200181 454500
008 180718b2015 xxu||||| |||| 00| 0 eng d
100 _aPathni, R.S.
245 _aAcademic achievement and occupational aspiration of students in relation to their self-esteem
260 _c2015
300 _ap.33-39.
362 _aJun-Dec
650 _aSelf esteem
650 _aStudents
650 _aAcademic achievement
700 _aKainthola, Renu
773 _aSocial Profile
909 _a110238
999 _c110233
_d110233